00513 2200205 4500001002100000008004100021035002000062245004900082100001600131250002000147260003400167300002000201020001800221084001500239082001000254650001600264990000900280990000900289990000900298INLIS000000000002254 ind  a0010-0425002254 aSangkuriangbSeri Cerita RakyatcM. Rantissi aM. Rantissi aCetakan pertama aJakarta :bBintang Indonesia, a24 hlm.c19 cm. a602-218-226-3 a398.2 M. s a398.2 aM. Rantissi a5960 a5961 a5962